00342nam a2200133Ia 4500008004100000020001500041041001200056100001500068245005200083260003500135300000800170650001500178700001500193221030s9999 xx 000 0 und d a8131714034 aEnglish aE. M. Awad 0aKnowledge Managementcby E. M. Awad, H. Ghaziri bPearson EducationaNoidac2019 a480 aManagement aH. Ghaziri